Obchodní a politické vztahy mezi EU a Čínou

Úroveň ekonomických a politických vzťahov medzi Európskou úniou a Čínou. Obchod Číny s najdôležitejšími partnermi v roku 2000.

Guardado en:
Detalles Bibliográficos
Autor principal: Sehoř, Jan
Formato: Capítulo de libro
Lenguaje:checo
Materias:
Etiquetas: Agregar Etiqueta
Sin Etiquetas, Sea el primero en etiquetar este registro!

MARC

LEADER 00000naa a2200000 4500
001 r043501
005 20231003115102.7
041 0 |a cze 
044 |a CZ 
245 1 0 |a Obchodní a politické vztahy mezi EU a Čínou  |c Jan Sehoř 
520 |a Úroveň ekonomických a politických vzťahov medzi Európskou úniou a Čínou. Obchod Číny s najdôležitejšími partnermi v roku 2000. 
610 2 0 |a obchod zahraničný 
610 2 0 |a vzťahy obchodné 
610 2 0 |a vzťahy politické medzinárodné 
610 2 0 |a Čína 
610 2 0 |a Európska únia 
100 1 |a Sehoř, Jan